000 00384nam a2200145 i 4500
001 bg
100 1 _aKNAPCZYK, J.
245 0 _aTeoria mechanizmów przestrzennych i manipulatorów /
_cJ. Knapczyk, Paweł A. Lebiediew.
260 _aWarszawa,
_c1990.
700 1 _aLEBIEDIEW, Paweł A.
040 _cBPK
041 _apol
942 _cKS
008 s pl f |000 0 pol
999 _c4393
_d4393
856 _uhttp://koha.tu.koszalin.pl/cgi-bin/koha/opac-detail.pl?biblionumber=4393
_yKatalog online BPK